Visualizzazione normale
Vista MARC
- Jamont Willy
di Personal Name
Records bibliografici associati: 1
001 - CONTROL NUMBER
- control field: 59838
003 - CONTROL NUMBER IDENTIFIER
- control field:
005 - DATE AND TIME OF LATEST TRANSACTION
- control field: 20230327151442.0
008 - FIXED-LENGTH DATA ELEMENTS
- fixed length control field: 230327|| aca||aabn | a|a d
040 ## - CATALOGING SOURCE
- Original cataloging agency:
- Transcribing agency:
100 ## - HEADING--PERSONAL NAME
- Personal name: Jamont Willy
670 ## - SOURCE DATA FOUND
- Source citation: Work cat.: ()209634: Jamont Willy, Enciclopedia della sessualità, 1974